| 000 | 00452nam a22001697a 4500 | ||
|---|---|---|---|
| 008 | 240306b |||||||| |||| 00| 0 eng d | ||
| 020 | _a9780815128977 | ||
| 050 |
_aRJ 245 .O67 1998 _bC.1 |
||
| 100 | _aOPPERMAN, CATHLEEN S.(EDITOR) | ||
| 245 | _aCONTEMPORARY PEDIATRIC NURSING | ||
| 260 |
_aUS _bMOSBY _c1998 |
||
| 300 | _aXXI;543P.ILL. | ||
| 500 | _aINCLUDES GLOSSARY AND INDEX | ||
| 650 | _aNURSING CARE | ||
| 700 | _aED AL | ||
| 942 |
_2lcc _cBK |
||
| 999 |
_c209399 _d209399 |
||